<?xml version="1.0" encoding="UTF-8"?>
<collection xmlns="http://www.loc.gov/MARC21/slim">
    <record>
        <controlfield tag="001">7130</controlfield>
        <controlfield tag="005">20150325135934.0</controlfield>
        <datafield tag="037" ind1=" " ind2=" ">
            <subfield code="a">TAZ-PFC-2012-182</subfield>
        </datafield>
        <datafield tag="041" ind1=" " ind2=" ">
            <subfield code="a">spa</subfield>
        </datafield>
        <datafield tag="100" ind1="1" ind2=" ">
            <subfield code="a">Garralaga Marquesán, David</subfield>
        </datafield>
        <datafield tag="245" ind1="0" ind2="0">
            <subfield code="a">Análisis y optimización de una caldera de biomasa</subfield>
        </datafield>
        <datafield tag="260" ind1=" " ind2=" ">
            <subfield code="a">Zaragoza</subfield>
            <subfield code="b">Universidad de Zaragoza</subfield>
            <subfield code="c">2012</subfield>
        </datafield>
        <datafield tag="506" ind1=" " ind2=" ">
            <subfield code="a">by-nc-sa</subfield>
            <subfield code="b">Creative Commons</subfield>
            <subfield code="c">3.0</subfield>
            <subfield code="u">http://creativecommons.org/licenses/by-nc-sa/3.0/</subfield>
        </datafield>
        <datafield tag="500" ind1=" " ind2=" ">
            <subfield code="a">Con la colaboración de la empresa "Componentes para calefacción, S.L."</subfield>
        </datafield>
        <datafield tag="520" ind1=" " ind2=" ">
            <subfield code="a">El presente trabajo se ha llevado a cabo para evaluar las hipótesis asumidas en temas de combustión, de intercambio de calor y en definitiva en el campo de la energía por la empresa “Componentes para calefacción, S.L.” a la hora de desarrollar sus productos. Calderas de biomasa. Para ello se han estudiado los fenómenos de combustión en la cámara de combustión, y de intercambio de calor en la misma y en un intercambiador de calor de tipo carcasa y tubos con el apoyo de la teoría existente en la bibliografía y la implementación de las ecuaciones que rigen dichos procesos en el programa ingenieril EES. Tras la evaluación de estos fenómenos se han realizado varios estudios con la finalidad de introducir mejoras en el aparato y optimizar así su trabajo y rendimiento. Por último, debido a que el producto objeto del proyecto está sometido a presiones internas y externas en la realización de la función para la que fue diseñado, se ha aplicado la normativa requerida para la salida al mercado de este tipo de productos. La norma UNE-EN 12953. Calderas pirotubulares. Parte 3: Diseño y cálculo de partes a presión.</subfield>
        </datafield>
        <datafield tag="521" ind1=" " ind2=" ">
            <subfield code="a">Ingeniero Industrial</subfield>
        </datafield>
        <datafield tag="540" ind1=" " ind2=" ">
            <subfield code="a">Derechos regulados por licencia Creative Commons</subfield>
        </datafield>
        <datafield tag="653" ind1="1" ind2=" ">
            <subfield code="a">energía de la biomasa</subfield>
        </datafield>
        <datafield tag="653" ind1="1" ind2=" ">
            <subfield code="a">calderas</subfield>
        </datafield>
        <datafield tag="653" ind1="1" ind2=" ">
            <subfield code="a">análisis de la combustión</subfield>
        </datafield>
        <datafield tag="653" ind1="1" ind2=" ">
            <subfield code="a">transferencia de calor</subfield>
        </datafield>
        <datafield tag="700" ind1=" " ind2=" ">
            <subfield code="a">Alegre Sanchez, Ricardo</subfield>
            <subfield code="e">dir.</subfield>
        </datafield>
        <datafield tag="710" ind1="2" ind2=" ">
            <subfield code="a">Universidad de Zaragoza</subfield>
            <subfield code="b">Ingeniería Mecánica</subfield>
            <subfield code="c">Máquinas y Motores Térmicos</subfield>
        </datafield>
        <datafield tag="720" ind1="2" ind2=" ">
            <subfield code="a">Monne Bailo, Carlos</subfield>
            <subfield code="e">ponente</subfield>
        </datafield>
        <datafield tag="856" ind1="0" ind2=" ">
            <subfield code="f">526486@celes.unizar.es</subfield>
        </datafield>
        <datafield tag="856" ind1="4" ind2=" ">
            <subfield code="s">2148190</subfield>
            <subfield code="u">http://zaguan.unizar.es/record/7130/files/TAZ-PFC-2012-182_ANE.pdf</subfield>
            <subfield code="y">Anexos (spa)</subfield>
        </datafield>
        <datafield tag="856" ind1="4" ind2=" ">
            <subfield code="s">5359591</subfield>
            <subfield code="u">http://zaguan.unizar.es/record/7130/files/TAZ-PFC-2012-182.pdf</subfield>
            <subfield code="y">Memoria (spa)</subfield>
        </datafield>
        <datafield tag="909" ind1="C" ind2="O">
            <subfield code="o">oai:zaguan.unizar.es:7130</subfield>
            <subfield code="p">driver</subfield>
            <subfield code="p">proyectos-fin-carrera</subfield>
        </datafield>
        <datafield tag="950" ind1=" " ind2=" ">
            <subfield code="a"></subfield>
        </datafield>
        <datafield tag="980" ind1=" " ind2=" ">
            <subfield code="a">TAZ</subfield>
            <subfield code="b">PFC</subfield>
            <subfield code="c">EINA</subfield>
        </datafield>
    </record>

    
</collection>